Избранные произведения, 1982-1986 гг.: пер. с рум.

Bibliografiske detaljer
Hovedforfatter: Чаушеску Н. Николае
Summary:Исключено из фонда НТБ ТПУ
Sprog:russisk
Udgivet: Москва, Политиздат, 1987
Format: MixedMaterials Bog
KOHA link:https://koha.lib.tpu.ru/cgi-bin/koha/opac-detail.pl?biblionumber=269876

MARC

LEADER 00000nam0a2200000 4500
001 269876
005 20231031224651.0
020 |a RU  |b 87-36751 
035 |a (RuTPU)RU\TPU\book\293054 
090 |a 269876 
100 |a 20140923d1987 km y0rusy5003 ca 
101 1 |a rus  |c rum 
102 |a RU 
105 |a c z 000zy 
200 1 |a Избранные произведения, 1982-1986 гг.  |e пер. с рум.  |f Н. Чаушеску 
210 |a Москва  |c Политиздат  |d 1987 
215 |a 398 с.  |c ил. 
333 |a Исключено из фонда НТБ ТПУ 
700 1 |a Чаушеску  |b Н.  |g Николае 
801 0 |a RU  |b RuMRKP  |c 19950417  |g psbo 
801 1 |a RU  |b 63413507  |c 20140923 
801 2 |a RU  |b 63413507  |c 20220304  |g RCR 
942 |c BK